| 000 | 00426nam a2200169Ia 4500 | ||
|---|---|---|---|
| 005 | 20250508163310.0 | ||
| 008 | 008 250505s9999 xx 000 0 hin d | ||
| 037 | _aTextual | ||
| 040 |
_aFEDL _beng _cFEDL |
||
| 041 |
_ahin _2eng |
||
| 084 |
_a491.43, VIS _qFEDL |
||
| 245 | 0 | _aVishwa ke manchiter per Hindi | |
| 260 | _c1983 | ||
| 300 | _a215p | ||
| 942 |
_cTEXL _h491.43, VIS |
||
| 999 |
_c1382156 _d1382156 |
||